书目信息 |
| 题名: |
男人 女人 经济学
|
|
| 作者: | 小凡 著 | |
| 分册: | ||
| 出版信息: | 北京 中国发展出版社 2008.09 |
|
| 页数: | 224页 | |
| 开本: | 21cm | |
| 丛书名: | Wisdom Love书系 | |
| 单 册: | ||
| 中图分类: | C913.1 | |
| 科图分类: | ||
| 主题词: | 爱情--ai qing--青年读物 | |
| 电子资源: | ||
| ISBN: | 978-7-80234-268-2 | |
| 000 | 00878nam 2200265 450 | |
| 001 | 012009954827 | |
| 005 | 20091011142647.21 | |
| 010 | @a978-7-80234-268-2@dCNY25.00 | |
| 100 | @a20091011d2008 em y0chiy0120 ea | |
| 101 | 0 | @achi |
| 102 | @aCN@b110000 | |
| 105 | @aa a 000yy | |
| 106 | @ar | |
| 200 | 1 | @a男人 女人 经济学@Anan ren nu ren jing ji xue@e插图本@f小凡著@Fxiao fan zhu |
| 210 | @a北京@c中国发展出版社@d2008.09 | |
| 215 | @a224页@c图@d21cm | |
| 225 | 2 | @aWisdom Love书系@AWisdom Love shu xi |
| 320 | @a有书目 (第224页) | |
| 330 | @a本书内容包括:谁能给你爱情的稀缺资源、什么让我们彼此吸引、何处安放的青春、初恋情怀、爱情如蜜,甜到忧伤、为爱劳作等。 | |
| 410 | 0 | @12001 @aWisdom Love书系 |
| 606 | 0 | @a爱情@Aai qing@j青年读物 |
| 690 | @aC913.1@v4 | |
| 701 | 0 | @a小凡@Axiao fan@4著 |
| 801 | 0 | @aCN@bQSSK@c20091011 |
| 905 | @b761524-26@dC913.1@eX375@f3 | |
| 男人 女人 经济学:插图本/小凡著.-北京:中国发展出版社,2008.09 |
| 224页:图;21cm.-(Wisdom Love书系) |
| ISBN 978-7-80234-268-2:CNY25.00 |
| 本书内容包括:谁能给你爱情的稀缺资源、什么让我们彼此吸引、何处安放的青春、初恋情怀、爱情如蜜,甜到忧伤、为爱劳作等。 |
| ● |
| 相关链接 |
|
|
|
正题名:男人 女人 经济学
索取号:C913.1/X375
 
预约/预借
| 序号 | 登录号 | 条形码 | 馆藏地/架位号 | 状态 | 备注 |
| 1 | 761524 | 207615240 | 社科库509/509社科库 60排7列4层/ [索取号:C913.1/X375] | 在馆 | |
| 2 | 761525 | 207615259 | 社科库509/509社科库 60排7列4层/ [索取号:C913.1/X375] | 在馆 | |
| 3 | 761526 | 207615268 | 社科库509/509社科库 60排7列4层/ [索取号:C913.1/X375] | 在馆 |